Красный комбриг: (О Г. И. Котовском)

Detalles Bibliográficos
Autor Principal: Казаков В. Г. Виктор Григорьевич
Summary:Книга журналиста Виктора Казакова посвящена легендарному герою гражданской войны Григорию Ивановичу Котовскому. Автор рассказывает о том, как сын механика из молдавского местечка Ганчешты пришел в революцию, стал красным командиром, о котором И. Э. Якир скажет: «Это был титан, который никогда не забывал о задачах пролетарской революции».
Idioma:ruso
Publicado: Москва, Политиздат, 1981
Series:Герои Советской Родины
Subjects:
Formato: Libro
KOHA link:https://koha.lib.tpu.ru/cgi-bin/koha/opac-detail.pl?biblionumber=309218

MARC

LEADER 00000nam0a2200000 4500
001 309218
005 20231102002153.0
035 |a (RuTPU)RU\TPU\book\334540 
090 |a 309218 
100 |a 20151111d1981 m y0rusy50 ca 
101 0 |a rus 
102 |a RU 
105 |a ac z 001zb 
200 1 |a Красный комбриг  |e (О Г. И. Котовском)  |f В. Г. Казаков 
210 |a Москва  |c Политиздат  |d 1981 
215 |a 96 с.  |c ил. 
225 1 |a Герои Советской Родины 
320 |a Библиография в ссылках. 
330 |a Книга журналиста Виктора Казакова посвящена легендарному герою гражданской войны Григорию Ивановичу Котовскому. Автор рассказывает о том, как сын механика из молдавского местечка Ганчешты пришел в революцию, стал красным командиром, о котором И. Э. Якир скажет: «Это был титан, который никогда не забывал о задачах пролетарской революции». 
600 1 |a Котовский  |b Г. И.  |c герой Гражданской войны  |f 1881-1925  |g Григорий Иванович  |c командир кавалерийской бригады и дивизии  |2 stltpush  |3 (RuTPU)RU\TPU\pers\12370 
606 1 |a Участники Гражданской войны в России 1918-1920  |x Персоналии  |2 stltpush  |3 (RuTPU)RU\TPU\subj\66240  |9 82452 
610 1 |a герои войны 
610 1 |a военные деятели 
610 1 |a персоналии 
610 1 |a 20 век 
610 1 |a военноначальники 
686 |a Т3(2)612,8  |v LBC/SL-A  |2 rubbk 
700 1 |a Казаков  |b В. Г.  |g Виктор Григорьевич 
801 1 |a RU  |b 63413507  |c 20151111 
801 2 |a RU  |b 63413507  |c 20191101  |g RCR 
942 |c BK